000 00282nam a22001217a 4500
008 170502b xxu||||| |||| 00| 0 eng d
041 _aeng
080 _a368
100 _a14
101 _aSHJ
245 _aFEDERAL INCOME TAXATION OF INDIVIDUALS
_cDONALDSON, S.A
942 _2udc
_cBK
999 _c12430
_d12430